| 000 | 00674nam a2200217 i 4500 | ||
|---|---|---|---|
| 001 | 34937 | ||
| 003 | ES-MaACL | ||
| 005 | 20230906155025.0 | ||
| 007 | t| | ||
| 008 | 030211s1976 sp ||||1| spa d | ||
| 080 | _a581.9(460.41) | ||
| 245 | 0 | 0 |
_aBotánica macaronésica. _n1. |
| 260 |
_a[Las Palmas] : _bCabildo Insular de Gran Canaria, Jardín Botánico Viera y Clavijo, _c[1976] |
||
| 300 |
_a82 p., 2 lám. : _bil. ; _c25 cm. |
||
| 490 | 1 | _aSección IV. Ciencias | |
| 650 | 4 |
_aFlora- _zCanarias. _9167291 |
|
| 710 | 2 |
_aJardín Botánico Viera y Clavijo. _95337 |
|
| 830 | 1 |
_aSección IV. Ciencias _9229521 |
|
| 852 | 4 |
_aES-MaACL _jA-7048 |
|
| 999 |
_c34937 _d34937 |
||